| 000 | 02276nam a22007097a 4500 | ||
|---|---|---|---|
| 005 | 20250828121347.0 | ||
| 008 | 210113b2000 xxu||||| |||| 00| 0 spa d | ||
| 020 | _a8479033991 | ||
| 041 | _aESP | ||
| 082 | _a616.89 K17s | ||
| 100 | _aKaplan, Harold I. | ||
| 100 | _aSadock, Benjamin J. | ||
| 245 | _aSinopsis de psquiatría: ciencias de la conducta psiquiatría clínica | ||
| 250 | _a8 edición | ||
| 260 | _aEspaña | ||
| 260 | _bMédica Panamericana | ||
| 260 | _c2000 | ||
| 300 | _a1589 páginas | ||
| 490 | _aTemática General | ||
| 650 | _aPSIQUIATRÍA | ||
| 650 | _aPSICOMETRÍA | ||
| 650 | _aTEST NEUROPSICOLÓGICOS | ||
| 650 | _aTRASTORNOS DE LA PERSONALIDAD | ||
| 650 | _aTRASTORNOS MENTALES | ||
| 650 | _aTEORÍAS DE LA PERSONALIDAD | ||
| 650 | _aPSICOPATOLOGÍAS | ||
| 650 | _aTRASTORNOS COGNOSCITIVOS | ||
| 650 | _aTRASTORNOS MENTALES | ||
| 650 | _aESQUIZOFRENIA | ||
| 650 | _aTRASTORNOS PSICÓTICOS | ||
| 650 | _aTRASTORNOS DEL ESTADO DE ANIMO | ||
| 650 | _aTRASTORNOS DE ANSIEDAD | ||
| 650 | _aTRASTORNOS SOMATOMORFOS | ||
| 650 | _aNEURASTENIA | ||
| 650 | _aTRASTORNO DE FATIGA CRÓNICA | ||
| 650 | _aTRASTORNOS FACTICIOS | ||
| 650 | _aTRASTORNOS DISOCIATIVOS | ||
| 650 | _aTRASTORNOS DE LA IDENTIDAD SEXUAL | ||
| 650 | _aTRASTORNOS DE LA CONDUCTA ALIMENTARIA | ||
| 650 | _aTRASTORNOS DEL SUEÑO | ||
| 650 | _aTRASTORNOS ADAPTATIVOS | ||
| 650 | _aTRASTORNOS DE LA PERSONALIDAD | ||
| 650 | _aPSIQUITRÍA INFANTIL | ||
| 650 | _aTRASTORNOS DEL APRENDIZAJE | ||
| 650 | _aTRASTORNOS DEL DESARROLLO DE LA COORDINACIÓN | ||
| 650 | _aTRASTORNOS DE LA COMUNICACIÓN | ||
| 650 | _aTRASTORNOS GENERALIZADOS DEL DESARROLLO | ||
| 650 | _aTRASTORNOS POR DÉFICIT DE ATENCIÓN | ||
| 650 | _aTRASTORNOS DEL COMPORTAMIENTO PERTURBADOR | ||
| 650 | _aTRASTORNOS DE ALIMENTACIÓN EN LA INFANCIA | ||
| 650 | _aTRASTORNOS DE TICS | ||
| 650 | _aTRASTORNOS DE LA ELIMINACIÓN | ||
| 650 | _aTRASTORNOS DEL ESTADO DE ÁNIMO | ||
| 650 | _aABUSO DE SUSTANCIAS | ||
| 650 | _aPSIQUIATRÍA INFANTIL | ||
| 650 | _aPSIQUIATRÍA GERIÁTRICA | ||
| 650 | _aPSIQUIATRÍA FORENSE | ||
| 650 | _aÉTICA EN PSIQUIATRÍA | ||
| 650 | _aPSICOTERAPIA | ||
| 650 | _aTERAPIAS BIOLÓGICAS | ||
| 942 |
_cBK _2ddc |
||
| 999 |
_c12869 _d12869 |
||